000 01066nas a2200349 4500
001 BR0204436
003 BR-BrBNA
005 20231205103228.0
007 ta
008 230509b bl.|||p| |||| 00| 00por d
040 _aBR-BrBNA
_bpor
_cBiblioteca Nacional de Agricultura
041 _a(Pt)
072 _aK50
100 1 _aIwakiri, S.
100 1 _aSilva, J. de C.
100 1 _aSilva, J.R.M. da
100 1 _aAlves, C.R.
100 1 _aPuehringer, C.A.
245 1 _aProdução de compensados de Pinus taeda L. e Pinus oocarpa Schiede com diferentes formulações de adesivo uréia formaldeído
650 _aPINHEIRO
650 _aPINUS OOCARPA
650 _aCOMPENSADO
650 _aPRODUÇÃO FLORESTAL
650 _aQUALIDADE
650 _aPAINEL DE MADEIRA
650 _aADESIVO
650 _aPROPRIEDADE FÍSICO-QUÍMICA
650 _aPROPRIEDADE MECÂNICA
773 0 _tRevista Árvore (Brazil)
_xISSN 0100-6762
_g(May-Jun 2002), v. 26(3) p. 371-375
_wBR0204436
909 _a202311
_bLúcia
_c55
_dLúcia Elande
942 _2AGRIS
_n0
_cANA
999 _c171773
_d171773